书目信息 |
| 题名: |
汉唐风云
|
|
| 作者: | 冯小小 编著 | |
| 分册: | ||
| 出版信息: | 郑州 郑州大学出版社 2016 |
|
| 页数: | 181页 | |
| 开本: | 22cm | |
| 丛书名: | ||
| 单 册: | ||
| 中图分类: | K234.09 , K242.09 | |
| 科图分类: | ||
| 主题词: | 汉代--han dai--历史--通俗读物 , 唐代--tang dai--历史--通俗读物 | |
| 电子资源: | ||
| ISBN: | 978-7-5645-1751-9 | |
| 000 | 00907nam0 22002651 450 | |
| 001 | 0120082250 | |
| 005 | 20170320082250.0 | |
| 010 | @a978-7-5645-1751-9@dCNY29.80 | |
| 100 | @a20160324d2016 em y0chiy50 ea | |
| 101 | 0 | @achi |
| 102 | @aCN@b410000 | |
| 105 | @ay z 000yy | |
| 106 | @ar | |
| 200 | 1 | @a汉唐风云@9han tang feng yun@f冯小小编著 |
| 210 | @a郑州@c郑州大学出版社@d2016 | |
| 215 | @a181页@d22cm | |
| 300 | @a历史下午茶 | |
| 330 | @a全书分为上、下两篇,内容包括:驭人大风吹来大汉王朝;继续国祚,英雄的追随者;一统百家,独尊儒术;热血男儿缔造神威帝国;唐朝的起始,不可小视的高祖;弓马取江山,文治安天下;创造奇迹,才人变女皇等。 | |
| 606 | 0 | @a汉代@9han dai@x历史@j通俗读物 |
| 606 | 0 | @a唐代@9tang dai@x历史@j通俗读物 |
| 690 | @aK234.09@v5 | |
| 690 | @aK242.09@v5 | |
| 701 | 0 | @a冯小小@9feng xiao xiao@4编著 |
| 801 | 0 | @aCN@bTANGWEI@c20170308 |
| 905 | @b0957465-7@dK234.09@e49@f3 | |
| 汉唐风云/冯小小编著.-郑州:郑州大学出版社,2016 |
| 181页;22cm |
| 历史下午茶 |
| ISBN 978-7-5645-1751-9:CNY29.80 |
| 全书分为上、下两篇,内容包括:驭人大风吹来大汉王朝;继续国祚,英雄的追随者;一统百家,独尊儒术;热血男儿缔造神威帝国;唐朝的起始,不可小视的高祖;弓马取江山,文治安天下;创造奇迹,才人变女皇等。 |
| ● |
| 相关链接 |
|
|
|
|
正题名:汉唐风云
索取号:K234.09/49
 
预约/预借
| 序号 | 登录号 | 条形码 | 馆藏地/架位号 | 状态 | 备注 |
| 1 | 0957465 | 209574655 | 第二样本阅览室/ [索取号:K234.09/49] | 在馆 | |
| 2 | 0957466 | 209574664 | 第二借阅区/ [索取号:K234.09/49] | 在馆 | |
| 3 | 0957467 | 209574673 | 第二借阅区/ [索取号:K234.09/49] | 在馆 |